000
003170000a22001450004500
003
MACL
040
_a
MACL
090
_c
4200
_d
4199
100
_a
Sharma, A P
245
_a
J. Krishnamurti
_b
His concept Of Freedom
260
_b
Ajanta Publications
_c
1993
350
_a
100
650
_a
Philisophy
942
_c
BOOK
_k
100
999
_c
4166
_d
4166